Sivil örümceğin ağında (Record no. 321)

MARC details
000 -BAŞLIK
Sabit Uzunlukta Kontrol Alanı 00988na a2200313 4500
001 - KONTROL NUMARASI
Denetim Alanı 16551
003 - KONTROL NUMARASI IDENTIFIER
Denetim Alanı MIRAKIL
005 - SON İŞLEM TARİHİ VE ZAMANI
Denetim Alanı 20181213154744.0
008 - SABİT-BOY VERİ ELEMANLARI - GENEL BİLGİLER
Sabit Uzunlukta Kontrol Alanı 161014b tu 000 0
020 ## - ULUSLARARASI STANDART KİTAP NUMARASI
Uluslararası Standart Kitap Numarası 9756448431
035 ## - SİSTEM KONTROL NUMARASI
Sistem Kontrol Numarası 16551
040 ## - KATALOGLAMA KAYNAK
Orijinal Kataloglama Ajansı Milas
Kataloglama Dili tur
Metne Dönüştürmek Ajansı TR-AnCHP
041 ## - DİL KODU
Metin / Ses Parça Veya Ayrı Başlığın Dil Kodu tur
082 ## - DEWEY ONLU SINIFLANDIRMA NUMARASI
Sınıflandırma Numarası 327.09561
Ürün Numarası Y44a 2004
090 ## - SINIFLAMA NUMARASI
Sınıflama Numarası 327.09561 Y44a 2004
100 ## - ANA GİRİŞ - KİŞİSEL İSİM
Kişisel Ad Yıldırım, Mustafa
245 ## - BAŞLIK TABLOSU
Başlık Sivil örümceğin ağında
Başlığın Kalan Şifre çözücü: "project democracy"
Sorumluluk Tablosu, Vb Mustafa Yıldırım
246 ## - UNVAN FORM VARYING
Başlık Doğru / Kısa Başlığı Project democracy
246 ## - UNVAN FORM VARYING
Başlık Doğru / Kısa Başlığı Şifre çözücü: "project democracy"
260 ## - YAYIN, DAĞITIM, VB
Yayın, Dağıtım, Vb Yeri İstanbul
Yayıncı, Dağıtıcı, Vs Adı Toplumsal dönüşüm yayınları
Yayın, Dağıtım, Vb Tarihi 2004
300 ## - FİZİKSEL TANIM
Kapsam xxvi, 589 s.
Diğer Fiziksel Ayrıntıları fotg.
Boyutlar 21 sm.
440 ## - SERİSİ TABLOSU / KATMA GİRİŞİ - BAŞLIK
Başlık Toplumsal Dönüşüm Yayınları
Hacim / Ardışık Tanımı 242
490 ## - SERİSİ TABLOSU
Seri Beyanı Araştırma ve İnceleme
Hacim / Ardışık Tanımı 84
504 ## - KAYNAKÇA VB NOT
Kaynakça Vb Notu Kaynakça ve dizin var.
651 ## - KONU KATMA GİRİŞ - COĞRAFİ ADI
Coğrafi İsim Türkiye
Genel Alt Bölümü Dış politika
Coğrafi Alt Bölümü ABD
651 ## - KONU KATMA GİRİŞ - COĞRAFİ ADI
Coğrafi İsim Türkiye
Genel Alt Bölümü Uluslararası ilişkiler
942 ## - EKLENDİ GİRİŞ ELEMANLARI (KOHA)
Sınıflandırma Veya Raf Düzeni Kaynak Dewey Decimal Classification
Koha Öğesi Türü Books
999 ## - SİSTEM KONTROL NUMARALARI (KOHA)
Koha Biblionumber 321
Koha Biblioitemnumber 321
657 ## - INDEX SÜRE - İŞLEVİ
-- Demokrasi projesi
Holdings
Kalıcı Konum Mevcut Konum Edinme Tarihi Edinim Kaynak Toplam Check-Out'Lar Tam Çağrı Numarası Barkod Tarih Son Görülme İtibaren Geçerli Fiyatlar Koha Öğesi Türü
CHP Kütüphanesi CHP Kütüphanesi 10/08/2016 Bağış   327.09561 Y44a 2004 006611 10/08/2016 10/08/2016 Books